Technology Pricing From Principles to Strategy

Guardado en:
Detalles Bibliográficos
Autor principal: Bidault, Francis
Formato: Libro
Lenguaje:inglés
Publicado: Houndmills MacMillan Press 1989
Edición:1. ed.
Etiquetas: Agregar Etiqueta
Sin Etiquetas, Sea el primero en etiquetar este registro!

MARC

LEADER 00000nam a2200000 4500
001 c033210
005 20221215114530.2
041 0 |a eng 
044 |a US 
245 1 0 |a Technology Pricing  |b From Principles to Strategy  |c Francis Bidault 
250 |a 1. ed. 
264 1 |a Houndmills  |b MacMillan Press  |c 1989 
300 |a 207 s. 
100 1 |a Bidault, Francis